Krevní skupiny a význam nemoci nemoc jako výzva a šance co nám chce nemoc říci sám sobě léčitelem zdroje léčivé energie

Bibliographic Details
Main Author: Bogdanova, Natalia (Author)
Other Authors: Kramlová, Anděla (Translator)
Format: Book
Language:Czech
Russian
PhysicalDescription:158 s. 20 cm
Published: Bratislava Eugenika 2004
ISBN:8089115721
Edition:1. vyd.
Subjects:

MARC

LEADER 00000nam a2200000 a 4500
001 vtls001521658
003 SK-MaSNL
005 20260302073922.0
008 251031s2004 xo grf 000 0 cze
015 |a SNBA2006/06-03554 
020 |a 8089115721  |q (brož.) 
040 |a SNK  |b slo  |c SNK  |e AACR2 
041 1 |a cze  |h rus 
044 |a xo  |c SK 
072 7 |a 615.8  |x Fyzioterapia. Psychoterapia. Alternatívna medicína  |2 konspekt 
080 |a 316.728  |2 MDT-MRF 
080 |a 616.1/.9  |2 MDT-MRF 
080 |a (035)  |2 MDT-MRF 
080 |a 159.9  |2 MDT-MRF 
080 |a 612.118  |2 MDT-MRF 
080 |a 615.8  |2 MDT-MRF 
100 0 |a Bogdanova, Natalia  |4 aut  |9 356961 
240 1 0 |a Gruppy krovi i zdorov'e  |l Česky 
245 1 0 |a Krevní skupiny a význam nemoci  |b nemoc jako výzva a šance co nám chce nemoc říci sám sobě léčitelem zdroje léčivé energie  |c Natalia Bogdanova; [z ruského originálu přeložila Anděla Kramlová] 
250 |a 1. vyd. 
260 |a Bratislava  |b Eugenika  |c 2004 
300 |a 158 s.  |c 20 cm 
504 |a Bibliogr. s. 158 
650 0 7 |a alternatívna medicína  |2 SNKPH  |9 901 
650 0 7 |a životný štýl  |2 SNKPH  |9 1704 
650 0 7 |a duševné poruchy AA  |2 SNKPH  |9 15378 
650 0 7 |a krvné skupiny  |2 SNKPH  |9 2512 
655 7 |a príručky  |2 SNKPH  |9 74364 
700 1 |a Kramlová, Anděla  |4 trl  |9 305569 
919 |a 80-89115-72-1 
968 |a ČES  |b RUS  |d 61 
999 |c 1162872  |d 1164802 
952 |a SNK  |b SNK  |y PREZ  |7 0  |p 17A0461766  |o snkSD 74669  |i snk2005/4886  |8 0  |0 0  |1 0  |4 0  |d 2005-03-31  |l 0  |r 2025-11-21 00:00:00  |w 2026-02-24 
952 |a SNK  |b SNK  |y VYP  |7 0  |p 17A0461767  |o snkSD 74669 D1  |i snk2005/4887  |8 0  |0 0  |1 0  |4 0  |d 2005-03-31  |l 0  |r 2017-06-30 00:00:00  |w 2026-02-24